000 01090cam a2200229 a 4500
999 _c3617
_d3617
020 _a0471458058 (pbk.)
050 0 0 _aHD57.7
_b.L4289 2004
245 0 0 _aLeadership /
_cGretchen M. Spreitzer, editor, Kimberly Hopkins Perttula, editor.
260 _aHoboken, NJ :
_bWiley,
_cc2004.
300 _axi, 186 p. ;
_c23 cm.
440 0 _aWiley Fast company reader series
500 _aArticles previously published in Fast Company.
505 _aMichael Porter's Big Ideas / Keith H. Hammonds -- Marcus Buckingham Thinks Your Boss Has an Attitude Problem / Polly LaBarre -- Andy Pearson Finds Love / David Dorsey -- How Do We Break Out of the Box We're Stuck In? / Keith H. Hammonds -- I Can Only Compete through My Crew / Bill Breen -- Leadership Ensemble / Ron Lieber -- The Agenda -- Grassroots Leadership / Polly LaBarre.
650 0 _aLeadership.
650 0 _aOrganizational effectiveness.
650 0 _aOrganizational change.
650 0 _aManagement.
700 1 _aSpreitzer, Gretchen M.
700 1 _aPertulla, Kimberly Hopkins.
730 0 _aFast company.
942 _cBK